Central Library OPAC University of Rajshahi

Training for community development : (Record no. 35274)

MARC details
000 -LEADER
fixed length control field 00840nam a2200241 a 4500
001 - CONTROL NUMBER
control field 35274
003 - CONTROL NUMBER IDENTIFIER
rucl marc code BD-RjUL
005 - DATE AND TIME OF LATEST TRANSACTION
control field 20211209052306.0
008 - FIXED-LENGTH DATA ELEMENTS--GENERAL INFORMATION
fixed length control field 140522r19691962enk b 001 0 eng d
035 ## - SYSTEM CONTROL NUMBER
System control number (BD-RjUL)35368
040 ## - CATALOGING SOURCE
Original cataloging agency D2035
Language of cataloging eng
Transcribing agency D2035
Modifying agency VDU
-- BD-RjUL
041 ## - LANGUAGE CODE
Language code of text/sound track or separate title eng
082 04 - DEWEY DECIMAL CLASSIFICATION NUMBER
Classification number 307
Author mark and year BAT 1969
100 1# - MAIN ENTRY--PERSONAL NAME
Personal name Batten, T. R.
Fuller form of name (Thomas Reginald)
9 (RLIN) 8801
245 10 - TITLE STATEMENT
Title Training for community development :
Remainder of title a critical study of method /
Statement of responsibility, etc. T.C. Batten.
260 ## - PUBLICATION, DISTRIBUTION, ETC. (IMPRINT)
Place of publication, distribution, etc. London :
Name of publisher, distributor, etc. Oxford University Press,
Date of publication, distribution, etc. 1962 [impression 1969].
300 ## - PHYSICAL DESCRIPTION
Pagination viii, 192p. :
Size 22 cm.
504 ## - BIBLIOGRAPHY, ETC. NOTE
Bibliography, etc Bibliography: p.179-189.and index.
650 #0 - SUBJECT ADDED ENTRY--TOPICAL TERM
Topical term or geographic name as entry element Community development
General subdivision Study and teaching.
9 (RLIN) 107466
Topical term or geographic name as entry element Community organization
General subdivision Study and teaching.
9 (RLIN) 107467
Topical term or geographic name as entry element Community development
General subdivision Methodology.
9 (RLIN) 107468
942 ## - ADDED ENTRY ELEMENTS (KOHA)
Source of classification or shelving scheme Dewey Decimal Classification
Koha item type Books
Holdings
Lost status Source of classification or shelving scheme Damaged status Not for loan Collection code Permanent Location Current Location Shelving location Date acquired Source of acquisition Cost, normal purchase price Total Checkouts Full call number Date last seen Copy number Koha item type
  Dewey Decimal Classification   Not For Loan Non-fiction Central Library, University of Rajshahi Central Library, University of Rajshahi Reading Room 08/12/1970 Sweets & Zeitlinger 15.00   307 BAT 1969 22/05/2014 C-1 Books
  Dewey Decimal Classification     Non-fiction Central Library, University of Rajshahi Central Library, University of Rajshahi   09/12/1970 Sweets & Zeitlinger 15.00   307 BAT 1969 22/05/2014 C-2 Books
  Dewey Decimal Classification     Non-fiction Central Library, University of Rajshahi Central Library, University of Rajshahi   09/12/1970 Sweet + Zeitlinger 15.00   307 BAT 1963 22/05/2014 C-2 Books
  Dewey Decimal Classification     Non-fiction Central Library, University of Rajshahi Central Library, University of Rajshahi   22/05/2014       307 BAT 1963 22/05/2014 C-3 Books
  Dewey Decimal Classification     Non-fiction Central Library, University of Rajshahi Central Library, University of Rajshahi   09/12/1970 Sweets & Zeitlinger 15.00   307 BAT 1969 19/12/2016 C-4 Books